[Event "Mecklenburg VP-ch MT"]
[White "Patzenhauer, Max"]
[Black "Schreiber, Felix"]
[Site "Greifswald"]
[Round "4.8"]
[Result "0-1"]
[Date "2015.05.01"]
[WhiteElo "1961"]
[BlackElo "1922"]
[PlyCount "104"]
[EventDate "2015.04.30"]
[EventType "swiss"]
[EventRounds "7"]
[EventCountry "GER"]
[SourceTitle "EXT 2023"]
[Source "ChessBase"]
[SourceDate "2022.10.05"]
[SourceVersion "1"]
[SourceVersionDate "2022.10.05"]
[SourceQuality "1"]

1. d4 d5 2. Nf3 Nf6 3. e3 e6 4. Nbd2 Bd6 5. Bd3 Nbd7 6. 0-0 0-0 7. Qe2 Re8 8. h3 e5 9. dxe5 Nxe5 10. Nxe5 Bxe5 11. Nf3 Bd6 12. Rd1 b6 13. b3 Bb7 14. Bb2 c5 15. Bb5 Rf8 16. Ba6 Bc6 17. Ne5 Bxe5 18. Bxe5 Qe7 19. Bb2 Rfd8 20. Bd3 Rd6 21. c4 dxc4 22. Bxc4 Rad8 23. Qe1 Qe4 24. Bf1 Nd5 25. Bd3 Qb4 26. Bc4 Qxe1+ 27. Rxe1 Nb4 28. Re2 b5 29. Be5 Rd1+ 30. Rxd1 Rxd1+ 31. Kh2 bxc4 32. bxc4 f6 33. Bb8 a6 34. Rb2 Ra1 35. Ba7 Rxa2 36. Rxa2 Nxa2 37. Bxc5 a5 38. Bb6 a4 39. Ba5 Nc1 40. Bb4 Nd3 41. Ba3 Nxf2 42. g4 Nd1 43. Bc1 Nc3 44. Bb2 Nb1 45. Kg3 a3 46. Ba1 Nd2 47. Kf4 Nxc4 48. e4 Kf7 49. h4 Nd2 50. e5 fxe5+ 51. Bxe5 g6 52. Kg5 Nf3+ 0-1